Cities by emojis (Part 2) - Statistics

General Stats
  • This quiz has been taken 45 times
  • The average score is 11 of 20
Answer Stats
Picture Answer % Correct
Venice
90%
Milan
88%
Naples
86%
Mecca
79%
Monaco
74%
Florence
71%
Pamplona
71%
Istanbul
69%
Manchester
69%
Liverpool
64%
Orlando
64%
Brussels
57%
Dubai
48%
Rome
43%
Buenos Aires
40%
Bangkok
26%
Miami
26%
Cartagena
24%
Barcelona
19%
Madrid
14%
No matching quizzes found
Score Distribution
Percent of People with Each Score
Percentile by Number Answered
Your Score History
You have not taken this quiz